[Event "29th IND-ch U17 Open 2018"]
[Site "Sonipat"]
[Date "2018.09.11"]
[Round "11"]
[White "Saypuri Srithan"]
[Black "Srijit Paul"]
[Result "1/2-1/2"]
[WhiteElo "1749"]
[BlackElo "2335"]
[Annotator "TA"]
[PlyCount "57"]
[EventDate "2018.09.05"]
[EventCountry "IND"]
[SourceTitle "playchess.com"]
[Source "ChessBase"]
[SourceQuality "1"]

{[%evp 11,57,7,18,22,27,3,20,-1,37,14,39,-46,-33,-45,-39,-18,65,-33,31,-81,-95,-138,-126,-172,-157,-160,-170,-151,-160,-214,-62,-58,0,0,0,0,244,239,940,25,1614,0,934,0,1236,0,872,0]} 1. e4 c5 2. Nc3 a6 3. g3 b5 4. Bg2 Bb7 5. d3 e6 6. Nh3 h5 {LiveBook: 5 Games. B23: Closed Sicilian: Lines without g3} 7. O-O Nc6 8. f4 Qb6 $146 {The position is equal.} ({Predecessor:} 8... Nf6 9. f5 b4 10. Ne2 e5 11. Bg5 Be7 12. c3 a5 13. Qd2 Qb6 14. Nf2 {0-1 (37) Llobel Cortell,E (2399)-Andreikin,D (2737) Tallinn 2016}) 9. Kh1 O-O-O 10. Ng5 Nh6 $1 11. Qxh5 (11. a4 $14) 11... f6 $15 12. Nh3 Nd4 13. Qd1 f5 (13... d5 $1 $11) 14. Ne2 (14. Nf2 $14) 14... Ng4 (14... Nxe2 $15 15. Qxe2 Ng4) 15. Nxd4 (15. Neg1 $1 $14) 15... cxd4 $17 16. Qe2 Bd6 17. Kg1 Rh6 18. Nf2 Nxh2 19. Re1 Rdh8 20. c3 {[#]} (20. a4 $17 {might work better.}) 20... fxe4 $2 (20... R6h7 $1 $19 21. cxd4 g5) 21. Nxe4 $15 Bxe4 ({Black should try} 21... Rg6 $15) 22. Qxe4 $11 Ng4 23. cxd4 Bb4 $2 (23... Bb8 $11 24. f5 exf5 25. Qe8+ Rxe8 26. Rxe8+ Kc7 27. Bf4+ d6 28. Rc1+ Kd7 29. Bc6+ Qxc6 30. Rxc6 Kxe8 31. Rc8+ (31. Bxh6 Kd7 $11) 31... Kd7 32. Rxb8 Re6) 24. f5 $18 Kd8 $2 {[#]} (24... Bxe1 25. Bxh6 Bf2+ 26. Kf1 gxh6) 25. Kf1 $2 (25. Qxg4 $18 Bxe1 26. Bxh6 Rxh6 27. Rxe1) 25... Kc8 $2 {[%mdl 8192]} (25... Nf6 $11 26. Bg5 Bxe1 27. Rxe1 Ke8) 26. Kg1 Kd8 $1 27. Kf1 Kc8 28. Kg1 Kd8 $1 29. Kf1 $2 {Precision: White = 22%, Black = 38%.} ({Better is} 29. Qxg4 $18 Bxe1 30. Bxh6 Rxh6 31. Rxe1) 1/2-1/2